000 004620000a22001810004500
003 MACL
005 20150730180348.0
008 150730b xxu||||| |||| 00| 0 eng d
040 _aMACL
_cMACL
041 _aEnglish
082 _a333/MAH
100 _aMahajan Jagmohan
_93630
245 _aGanga Observed
_bForeign Accounts Of The River
260 _bVirgo Publications
_c1994
_aNew Delhi
350 _a200
650 _aEconomices
_93631
942 _cBK
_k333
_2ddc
999 _c3349
_d3349